ՀՀ Գիտությունների ազգային ակադեմիայի հիմնարար գիտական գրադարան  =   Fundamental Scientific Library of NAS RA

Մետրոպոլիտեն : (Record no. 144213)

MARC details
000 -LEADER
fixed length control field 00812nam a2200193 a 4500
001 - CONTROL NUMBER
control field 000377270
003 - CONTROL NUMBER IDENTIFIER
control field AM-YeHGA
005 - DATE AND TIME OF LATEST TRANSACTION
control field 20250618072309.0
008 - FIXED-LENGTH DATA ELEMENTS--GENERAL INFORMATION
fixed length control field 041103s1936 ai 000 | arm d
040 ## - CATALOGING SOURCE
Original cataloging agency AM-YeHGA
041 1# - LANGUAGE CODE
Language code of text/sound track or separate title arm
Language code of original rus
090 ## - LOCALLY ASSIGNED LC-TYPE CALL NUMBER (OCLC); LOCAL CALL NUMBER (RLIN)
-- 145596
100 1# - MAIN ENTRY--PERSONAL NAME
Personal name Տարախովսկայա, Յե.
245 10 - TITLE STATEMENT
Title Մետրոպոլիտեն :
Remainder of title Նախադպրոցական տարիքի համար /
Statement of responsibility, etc. Յե. Տարախովսկայա; Ռուս. փոխադր.՝ Հ. Հայրապետյան.
260 ## - PUBLICATION, DISTRIBUTION, ETC.
Place of publication, distribution, etc. Յերևան :
Name of publisher, distributor, etc. Ուսմանկհրատ,
Date of publication, distribution, etc. 1936.
300 ## - PHYSICAL DESCRIPTION
Extent 16 էջ :
Other physical details նկ. ;
Dimensions 23 սմ.
650 14 - SUBJECT ADDED ENTRY--TOPICAL TERM
Topical term or geographic name entry element Ռուս մանկական գրականություն
General subdivision Բանաստեղծություններ
700 1# - ADDED ENTRY--PERSONAL NAME
Personal name Հայրապետյան, Հայրապետ Սարդարի,
Dates associated with a name 1874-1962
Relator term թարգմ.
Relationship trl
9 (RLIN) 1697
Holdings
Withdrawn status Lost status Damaged status Not for loan Collection Home library Current library Date acquired Total checkouts Full call number Barcode Date last seen Price effective from Koha item type Public note
        General Fundamental Scientific Library Fundamental Scientific Library 22/12/2016   AII/38864 220038864 22/12/2016 22/12/2016 Գրքեր / Books 30 Days Loan


ՀՀ ԳԱԱ հիմնարար գիտական գրադարան
ՀՀ,Երևան 0019
Մարշալ Բաղրամյան 24/6
հեռախոս:(374-10) 52-47-50
Հետադարձ կապ

All site content, except where otherwise noted, is licensed under a
Creative Commons License